Statistics for Most Popular Manga

Click here to take the quiz!

General Stats

  • This quiz has been taken 297 times
  • The average score is 5 of 15

Answer Stats

Book% Correct
One Piece
96%
Naruto
94%
Dragon Ball
83%
Demon Slayer
51%
Death Note
44%
Attack On Titan
43%
My Hero Academia
38%
Hunter x Hunter
33%
Fullmetal Alchemist
31%
Jojo's Bizarre Adventure
14%
Vagabond
11%
Akira
3%
Case Closed
3%
Rurouni Kenshin
0%
Valley Of The Wind
0%

Score Distribution

Percentile by Number Answered

Percent of People with Each Score

Your Score History

You have not taken this quiz